Type the numbers (random order 1-20) - Statistics

General Stats
  • This quiz has been taken 85 times
  • The average score is 17 of 20
Answer Stats
Answer % Correct
2
100%
5
95%
7
95%
8
95%
9
94%
16
92%
14
85%
13
79%
19
79%
1
77%
4
77%
10
76%
11
76%
12
76%
15
76%
17
76%
18
76%
20
76%
3
76%
6
76%
No matching quizzes found
Score Distribution
Percent of People with Each Score
Percentile by Number Answered
Your Score History
You have not taken this quiz